Implementácia inovácií vo verejnej správe prostredníctvom manažérstva kvality
Prezentácia vybraných modelov: model systému manažérstva kvality založený na procesnom princípe ISO a CAF modelu.
Na minha lista:
| Autor principal: | |
|---|---|
| Outros Autores: | |
| Formato: | Capítulo de Livro |
| Idioma: | eslovaco |
| Assuntos: | |
| Tags: |
Sem tags, seja o primeiro a adicionar uma tag!
|
MARC
| LEADER | 00000nla a2200000 4500 | ||
|---|---|---|---|
| 001 | 0196521 | ||
| 005 | 20250210085847.9 | ||
| 041 | 0 | |a slo | |
| 044 | |a SK | ||
| 245 | 1 | 0 | |a Implementácia inovácií vo verejnej správe prostredníctvom manažérstva kvality |c Eva Čapošová, Ladislav Mura |
| 520 | |a Prezentácia vybraných modelov: model systému manažérstva kvality založený na procesnom princípe ISO a CAF modelu. | ||
| 610 | 2 | 0 | |a riadenie kvality |
| 610 | 2 | 0 | |a model CAF |
| 610 | 2 | 0 | |a normy ISO |
| 610 | 2 | 0 | |a normy kvality |
| 610 | 2 | 0 | |a systémy informačné manažérske |
| 610 | 2 | 0 | |a systémy integrované manažérske |
| 610 | 2 | 0 | |a správa verejná |
| 610 | 2 | 0 | |a stratégia inovačná |
| 100 | 1 | |a Čapošová, Eva | |
| 700 | 1 | |a Mura, Ladislav, 1979- | |